[Event "Chess.com Bullet op2"]
[Site "Chess.com INT"]
[Date "2020.12.19"]
[Round "7"]
[White "Molina, Roberto Junio Brito"]
[Black "Gan Od, Sereenen"]
[Result "1-0"]
[WhiteElo "2434"]
[BlackElo "2320"]
[PlyCount "179"]
[EventDate "2020.12.19"]
[EventType "swiss (blitz)"]
[EventRounds "21"]
[EventCountry "USA"]
[SourceTitle "EXT 2022"]
[Source "ChessBase"]
[SourceDate "2021.10.06"]
[SourceVersion "1"]
[SourceVersionDate "2021.10.06"]
[SourceQuality "1"]

1. d4 c6 2. e3 d5 3. Nf3 Nf6 4. Be2 Bg4 5. 0-0 Bxf3 6. Bxf3 e6 7. b3 Bd6 8. c4 Bc7 9. Ba3 Bd6 10. Qc1 Qe7 11. Bxd6 Qxd6 12. Qa3 Qxa3 13. Nxa3 Ke7 14. b4 Nbd7 15. Rab1 Rhc8 16. Rfc1 a6 17. c5 b5 18. cxb6 Nxb6 19. Rc2 Ne8 20. Rbc1 Kd7 21. Be2 Nd6 22. Nb1 Nbc4 23. Bxc4 Nxc4 24. Nd2 Nxd2 25. Rxd2 a5 26. bxa5 Rxa5 27. Rcc2 Rb8 28. g3 f5 29. Kg2 h5 30. h4 g6 31. Kf3 Ke7 32. Kf4 Kf6 33. Rxc6 Rba8 34. Rcc2 Ra3 35. Kf3 R8a4 36. Kg2 Ra5 37. Rb2 Rc3 38. Rdc2 Rd3 39. Kf1 Rd1+ 40. Ke2 Ra1 41. Kf3 Ra8 42. Rc6 R1xa2 43. Rbb6 Re8 44. Rc7 Re7 45. Rcc6 Ra8 46. Rd6 Rae8 47. Rxd5 Kf7 48. Rdd6 Kf6 49. Kf4 Kf7 50. Ke5 Kg7 51. Rxe6 Rxe6+ 52. Rxe6 Rc8 53. Re7+ Kh6 54. Re6 Rc2 55. f4 Rg2 56. Kf6 Rxg3 57. d5 Rg4 58. Kf7 Rg2 59. d6 Rd2 60. Ke7 Kg7 61. d7 Rd3 62. d8Q g5 63. hxg5 Rxd8 64. Kxd8 h4 65. Rh6 h3 66. Ke7 h2 67. Rxh2 Kg6 68. Ke6 Kg7 69. Rh6 Kg8 70. Kxf5 Kf8 71. e4 Kg7 72. Kg4 Kg8 73. f5 Kf8 74. Kf4 Ke8 75. Kf3 Kf8 76. Ke3 Kg8 77. Ke2 Kf8 78. Kd3 Ke8 79. Kd2 Kf8 80. Kc3 Kg8 81. Kd4 Kg7 82. Ke3 Kg8 83. Kf4 Kf8 84. Kg4 Kg8 85. Kh5 Kf8 86. g6 Kg8 87. Kg5 Kf8 88. Rh7 Kg8 89. Rf7 Kh8 90. e5 1-0

[Event "Chess.com Bullet op1"]
[Site "Chess.com INT"]
[Date "2020.12.19"]
[Round "6"]
[White "Nogerbek, Kazybek"]
[Black "Gan Od, Sereenen"]
[Result "1-0"]
[WhiteElo "2328"]
[BlackElo "2320"]
[PlyCount "107"]
[EventDate "2020.12.19"]
[EventType "swiss (blitz)"]
[EventRounds "21"]
[EventCountry "USA"]
[SourceTitle "EXT 2022"]
[Source "ChessBase"]
[SourceDate "2021.10.06"]
[SourceVersion "1"]
[SourceVersionDate "2021.10.06"]
[SourceQuality "1"]

1. Nf3 Nf6 2. g3 g6 3. Bg2 Bg7 4. 0-0 0-0 5. c4 c5 6. Nc3 Nc6 7. d4 cxd4 8. Nxd4 Qa5 9. e3 d6 10. Bxc6 bxc6 11. Nxc6 Qc7 12. Nd5 Qd7 13. Ncxe7+ Kh8 14. Nxc8 Raxc8 15. Nxf6 Bxf6 16. Qd5 Rc5 17. Qd3 Rfc8 18. Bd2 Rxc4 19. Rac1 d5 20. b3 Rxc1 21. Rxc1 Rxc1+ 22. Bxc1 Qc6 23. Bd2 Kg7 24. h4 h5 25. b4 Qa4 26. Qb3 Qxb3 27. axb3 a6 28. Kf1 Be5 29. Ke2 Kf6 30. Kd3 Ke6 31. Bc3 Bd6 32. e4 dxe4+ 33. Kxe4 f5+ 34. Kd4 Be7 35. Kc4 Kd6 36. Bd4 Kc6 37. Bc5 Bf6 38. Be3 Be7 39. Bf4 Bd8 40. Kd4 Bb6+ 41. Ke5 Bxf2 42. Kf6 Be1 43. Kxg6 Bxb4 44. Kxh5 a5 45. Kg6 Kd5 46. h5 Bc3 47. h6 Ke4 48. Bg5 Kd3 49. Bf6 Bxf6 50. Kxf6 f4 51. gxf4 Kc3 52. h7 a4 53. h8Q axb3 54. Kg6+ 1-0

[Event "Chess.com Bullet op1"]
[Site "Chess.com INT"]
[Date "2020.12.19"]
[Round "11"]
[White "Omariev, Maksim"]
[Black "Gan Od, Sereenen"]
[Result "0-1"]
[WhiteElo "2304"]
[BlackElo "2320"]
[PlyCount "42"]
[EventDate "2020.12.19"]
[EventType "swiss (blitz)"]
[EventRounds "21"]
[EventCountry "USA"]
[SourceTitle "EXT 2022"]
[Source "ChessBase"]
[SourceDate "2021.10.06"]
[SourceVersion "1"]
[SourceVersionDate "2021.10.06"]
[SourceQuality "1"]

1. g4 c6 2. Bg2 d5 3. g5 h5 4. d4 g6 5. c4 Bg7 6. Nc3 e6 7. Nf3 a6 8. Bf4 Ne7 9. Be5 Bxe5 10. Nxe5 Nf5 11. Qd2 Nd7 12. Qf4 Nxe5 13. Qxe5 0-0 14. 0-0-0 Qxg5+ 15. Kb1 Qxg2 16. e4 dxe4 17. Nxe4 Ng7 18. Rhg1 Qf3 19. Nf6+ Kh8 20. Rde1 Qf5+ 21. Qxf5 exf5 0-1

[Event "Chess.com Bullet op2"]
[Site "Chess.com INT"]
[Date "2020.12.19"]
[Round "5"]
[White "Premnath, Ramanathan"]
[Black "Gan Od, Sereenen"]
[Result "0-1"]
[WhiteElo "2263"]
[BlackElo "2320"]
[PlyCount "110"]
[EventDate "2020.12.19"]
[EventType "swiss (blitz)"]
[EventRounds "21"]
[EventCountry "USA"]
[SourceTitle "EXT 2022"]
[Source "ChessBase"]
[SourceDate "2021.10.06"]
[SourceVersion "1"]
[SourceVersionDate "2021.10.06"]
[SourceQuality "1"]

1. d4 c6 2. c4 d6 3. Nf3 Nf6 4. Nc3 Bg4 5. e4 Bxf3 6. Qxf3 e6 7. g3 Be7 8. Bg2 0-0 9. 0-0 a5 10. Be3 Na6 11. Rad1 Re8 12. a3 Bf8 13. Rfe1 Nd7 14. Qe2 Be7 15. f4 Bf8 16. Rf1 Nc7 17. f5 exf5 18. Rxf5 Ne6 19. Rdf1 f6 20. Qf3 Rb8 21. Qe2 b5 22. cxb5 cxb5 23. Rxb5 Nc7 24. Rxb8 Qxb8 25. Rc1 Nb6 26. Bh3 Kh8 27. Bf2 d5 28. e5 Nc4 29. Nxd5 Nxd5 30. Rxc4 fxe5 31. dxe5 Rxe5 32. Qc2 Re8 33. Bg2 Nf6 34. h3 Bd6 35. g4 Bh2+ 36. Kh1 Bg3 37. Bg1 Bd6 38. b4 axb4 39. axb4 Bxb4 40. g5 Nh5 41. Rh4 Ng3+ 42. Kh2 Ne2+ 43. Kh1 Ng3+ 44. Kh2 Nf5+ 45. Kh1 Nxh4 46. Qc4 Nxg2 47. Kxg2 Be7 48. h4 Rf8 49. Bf2 Qf4 50. Bg3 Qxc4 51. Kh3 Qd5 52. h5 Qf5+ 53. Kh4 Qxg5+ 54. Kh3 Qf5+ 55. Kg2 Qxh5 0-1

[Event "Chess.com Bullet op1"]
[Site "Chess.com INT"]
[Date "2020.12.19"]
[Round "4"]
[White "Sjugirov, Sanan"]
[Black "Gan Od, Sereenen"]
[Result "1-0"]
[WhiteElo "2663"]
[BlackElo "2320"]
[PlyCount "107"]
[EventDate "2020.12.19"]
[EventType "swiss (blitz)"]
[EventRounds "21"]
[EventCountry "USA"]
[SourceTitle "EXT 2022"]
[Source "ChessBase"]
[SourceDate "2021.10.06"]
[SourceVersion "1"]
[SourceVersionDate "2021.10.06"]
[SourceQuality "1"]

1. d4 Nf6 2. Bg5 g6 3. Bxf6 exf6 4. c4 Bg7 5. Nc3 0-0 6. e3 d6 7. h4 Nc6 8. h5 f5 9. hxg6 hxg6 10. Nf3 f4 11. Be2 Bg4 12. Qd2 Qe7 13. Nd5 Qd7 14. Nxf4 Rfe8 15. 0-0-0 a5 16. a3 a4 17. Ng5 Na5 18. Kb1 Nb3 19. Qc2 Bxe2 20. Nxe2 Qg4 21. Nh3 b5 22. Nhf4 bxc4 23. Qxc4 Rab8 24. Qxa4 Nc5 25. Qc2 Ne6 26. Nxe6 Qxe6 27. Nf4 Qd7 28. Rd3 Qb5 29. Rc1 Rb7 30. Rd2 Reb8 31. Ka2 c5 32. Qc4 Qa5 33. Rcc2 cxd4 34. exd4 d5 35. Nxd5 Rd7 36. Nc3 Rdb7 37. Ne4 Qb6 38. Nc5 Ra7 39. Nd3 Rba8 40. Nb4 Qd8 41. Nc6 Qd7 42. Nxa7 Qxa7 43. d5 Bf8 44. d6 Qa5 45. d7 Bxa3 46. d8Q+ Rxd8 47. Rxd8+ Qxd8 48. bxa3 Kg7 49. Qb3 Kg8 50. Qc3 Qg5 51. Qb3 Kh7 52. Rb2 Qf5 53. a4 Qe6 54. Qxe6 1-0

[Event "Titled Tuesday intern op 15st Dec"]
[Site "Chess.com INT"]
[Date "2020.12.15"]
[Round "1"]
[White "Gan Od, Sereenen"]
[Black "Fus, Jakub"]
[Result "1-0"]
[WhiteElo "2320"]
[BlackElo "2401"]
[PlyCount "99"]
[EventDate "2020.12.15"]
[EventType "swiss (blitz)"]
[EventRounds "11"]
[EventCountry "USA"]
[SourceTitle "CBM 199 Extra"]
[Source "ChessBase"]
[SourceDate "2021.01.31"]
[SourceVersion "1"]
[SourceVersionDate "2021.01.31"]
[SourceQuality "1"]

1. d4 Nf6 2. Nf3 b6 3. Nc3 Bb7 4. Bg5 Ne4 5. Nxe4 Bxe4 6. e3 d6 7. Bd3 Bb7 8. 0-0 Nd7 9. e4 h6 10. Bh4 g5 11. Bg3 Bg7 12. c3 e5 13. dxe5 Nxe5 14. Bxe5 Bxe5 15. Nxe5 dxe5 16. Qe2 Qe7 17. a4 0-0-0 18. a5 Rd6 19. Ba6 Bxa6 20. Qxa6+ Kb8 21. axb6 cxb6 22. h3 Rhd8 23. c4 Qb7 24. Qb5 Qxe4 25. c5 Qc6 26. Qa6 R6d7 27. cxb6 Qxb6 28. Qa4 Rd4 29. Qc2 Rd2 30. Qf5 f6 31. b4 Rb2 32. Rad1 Rdd2 33. Rc1 Rd8 34. Rc4 Rxb4 35. Rxb4 Qxb4 36. Rb1 Qxb1+ 37. Qxb1+ Kc7 38. Qb5 Rd6 39. g4 a6 40. Qc5+ Kd7 41. Qa7+ Ke6 42. Kg2 f5 43. gxf5+ Kxf5 44. Kg3 e4 45. Qh7+ Ke5 46. Qe7+ Re6 47. Qc5+ Kf6 48. Kg4 Kg6 49. Qf5+ Kg7 50. Qxe6 1-0